000 00391nam a22001697a 4500
005 20160526112333.0
008 160526b xxu||||| |||| 00| 0 eng d
020 _a81-203-1616-9
041 _aeng
082 _b5168
100 _aKevin, S
_9376
245 _aPorfolio Management
260 _aNew Delhi
_bAcademic Faundation
300 _a163
650 _aManagement
_9241
942 _cBK
999 _c1803
_d1802